Detrás de bastidores: un estudio de los mensajes producidos por organizaciones gubernamentales y no-gubernamentales trabajando con la mujer /
محفوظ في:
| المؤلف الرئيسي: | |
|---|---|
| مؤلفون آخرون: | |
| التنسيق: | نص |
| منشور في: |
San José:
IICA. CIDIA. Proyecto Mujer y Comunicación
|
| الوسوم: |
إضافة وسم
لا توجد وسوم, كن أول من يضع وسما على هذه التسجيلة!
|
MARC
| LEADER | 00000 a a2200000 04500 | ||
|---|---|---|---|
| 001 | 24136 | ||
| 003 | |||
| 040 | |||
| 090 | |a 170800 | ||
| 100 | |a Abramovay, Miriam | ||
| 245 | |a Detrás de bastidores: un estudio de los mensajes producidos por organizaciones gubernamentales y no-gubernamentales trabajando con la mujer / |c Miriam Abramovay | ||
| 260 | |a San José: |b IICA. CIDIA. Proyecto Mujer y Comunicación | ||
| 300 | |a 254 p. | ||
| 700 | |a Ramírez Quirós, Ileana María |a Damasco Fiqueredo, Marcia |a colab. | ||
| 999 | |c 9223 |d 9223 | ||
